[Event "Moscow op-C"]
[Site "Moscow"]
[Date "2011.02.01"]
[Round "4"]
[White "Guseinov, Djelal"]
[Black "Anfinogenov, Artem"]
[Result "0-1"]
[WhiteElo "1997"]
[BlackElo "2068"]
[PlyCount "78"]
[EventDate "2011.01.29"]
[EventType "swiss"]
[EventRounds "9"]
[EventCountry "RUS"]
[SourceTitle "EXT 2012"]
[Source "ChessBase"]
[SourceDate "2011.11.24"]
[SourceVersion "1"]
[SourceVersionDate "2011.11.24"]
[SourceQuality "1"]

1. Nf3 c5 2. c4 Nc6 3. d4 cxd4 4. Nxd4 Nf6 5. Nc3 d5 6. cxd5 Nxd5 7. Ndb5 Nxc3 8. Qxd8+ Kxd8 9. Nxc3 e5 10. Bg5+ f6 11. 0-0-0+ Ke8 12. Be3 Be6 13. g3 Bb4 14. Bg2 Bxc3 15. bxc3 Bxa2 16. Bh3 Rf8 17. Rd2 Bb3 18. Kb2 Na5 19. Rd7 Rf7 20. Rxf7 Bxf7 21. Bc5 b6 22. Bb4 Nc4+ 23. Kb3 Rd8 24. Ba3 Rd2 25. Re1 Nxa3+ 26. Kxa3 a5 27. Ka4 Bc4 28. Ra1 Ke7 29. Bf5 Kd6 30. Bxh7 Kc5 31. Bd3 e4 32. Bxe4 Rxe2 33. f3 Rxh2 34. Ka3 b5 35. g4 g5 36. Bb7 b4+ 37. cxb4+ axb4+ 38. Ka4 Rh7 39. f4 Rxb7 0-1

[Event "Moscow 03"]
[Site "Moscow"]
[Date "2009.03.??"]
[Round "?"]
[White "Bondarev, Ivan"]
[Black "Guseinov, Djelal"]
[Result "1-0"]
[WhiteElo "1759"]
[BlackElo "1928"]
[PlyCount "71"]
[EventDate "2009.03.??"]
[EventType "tourn"]
[EventRounds "11"]
[EventCountry "RUS"]
[SourceTitle "EXT 2012"]
[Source "ChessBase"]
[SourceDate "2011.11.24"]
[SourceVersion "1"]
[SourceVersionDate "2011.11.24"]
[SourceQuality "1"]

1. e4 e6 2. d4 d5 3. e5 c5 4. c3 Nc6 5. Nf3 Bd7 6. a3 c4 7. Nbd2 Na5 8. Rb1 Be7 9. Be2 Bc6 10. 0-0 Qd7 11. h4 Ba4 12. Qe1 Bc2 13. Ra1 h6 14. h5 g5 15. g3 0-0-0 16. Nh2 Bh7 17. Qd1 f5 18. b3 cxb3 19. Nxb3 Nc4 20. Nd2 Nxd2 21. Bxd2 Rf8 22. f3 Bd8 23. Qb3 Ne7 24. f4 Nc6 25. Rab1 Rhg8 26. Bb5 gxf4 27. Bxf4 Bg5 28. Kf2 Bxf4 29. gxf4 Rg7 30. Rg1 Rfg8 31. Rxg7 Qxg7 32. Nf1 Qg2+ 33. Ke1 Qe4+ 34. Be2 Rg2 35. Qxb7+ Kd8 36. Qa8+ 1-0

[Event "Moscow 03"]
[Site "Moscow"]
[Date "2009.03.??"]
[Round "?"]
[White "Guseinov, Djelal"]
[Black "Krylov, Sergei"]
[Result "1-0"]
[WhiteElo "1928"]
[BlackElo "2052"]
[PlyCount "27"]
[EventDate "2009.03.??"]
[EventType "tourn"]
[EventRounds "11"]
[EventCountry "RUS"]
[SourceTitle "EXT 2012"]
[Source "ChessBase"]
[SourceDate "2011.11.24"]
[SourceVersion "1"]
[SourceVersionDate "2011.11.24"]
[SourceQuality "1"]

1. d4 Nf6 2. c4 e6 3. Nc3 b6 4. e4 d6 5. Nf3 Bb7 6. Bd3 Be7 7. 0-0 d5 8. cxd5 exd5 9. e5 Ne4 10. Re1 Ng5 11. Nxg5 Bxg5 12. e6 f6 13. e7 Qd7 14. Qh5+ 1-0

[Event "Moscow 03"]
[Site "Moscow"]
[Date "2009.03.??"]
[Round "?"]
[White "Tyutyunnikov, Kirill"]
[Black "Guseinov, Djelal"]
[Result "1-0"]
[WhiteElo "1964"]
[BlackElo "1928"]
[PlyCount "69"]
[EventDate "2009.03.??"]
[EventType "tourn"]
[EventRounds "11"]
[EventCountry "RUS"]
[SourceTitle "EXT 2012"]
[Source "ChessBase"]
[SourceDate "2011.11.24"]
[SourceVersion "1"]
[SourceVersionDate "2011.11.24"]
[SourceQuality "1"]

1. Nf3 Nf6 2. c4 g6 3. d4 Bg7 4. Nc3 0-0 5. e4 d6 6. Be2 e5 7. 0-0 Nc6 8. d5 Ne7 9. Ne1 Nd7 10. Nd3 f5 11. f3 f4 12. g4 g5 13. Bd2 Nf6 14. Kg2 Ng6 15. Be1 h5 16. h3 Kf7 17. Rh1 Rh8 18. Bf2 Rh6 19. c5 Bd7 20. cxd6 cxd6 21. Qb3 b6 22. Nb5 Bxb5 23. Qxb5 Rc8 24. Nb4 Qh8 25. Qa6 Rc7 26. Rac1 Rxc1 27. Rxc1 hxg4 28. Rc7+ Kg8 29. Qc8+ Nf8 30. Nc6 Qh7 31. Ne7+ Kh8 32. Nf5 Rxh3 33. Rxg7 gxf3+ 34. Bxf3 Rh2+ 35. Kg1 1-0

[Event "Moscow op-B"]
[Site "Moscow"]
[Date "2009.02.07"]
[Round "8"]
[White "Guseinov, Djelal"]
[Black "Nikitin, Anatoly"]
[Result "0-1"]
[WhiteElo "1928"]
[BlackElo "1400"]
[PlyCount "72"]
[EventDate "2009.01.31"]
[EventType "swiss"]
[EventRounds "9"]
[EventCountry "RUS"]
[SourceTitle "EXT 2012"]
[Source "ChessBase"]
[SourceDate "2011.11.24"]
[SourceVersion "1"]
[SourceVersionDate "2011.11.24"]
[SourceQuality "1"]

1. d4 e6 2. c4 c6 3. Nc3 d5 4. Nf3 Nf6 5. Bg5 Be7 6. e3 0-0 7. Qc2 h6 8. Bh4 Nbd7 9. Rd1 Ne8 10. Bxe7 Qxe7 11. Bd3 dxc4 12. Bxc4 Nd6 13. Bb3 e5 14. 0-0 Kh8 15. e4 exd4 16. Nxd4 Ne5 17. f4 Ng4 18. Qe2 c5 19. Nf3 c4 20. Bc2 Nf5 21. exf5 Qxe2 22. Nxe2 Ne3 23. Be4 Re8 24. Ne5 Kg8 25. Nc3 f6 26. Nxc4 Nxf1 27. Kxf1 b5 28. Nd6 b4 29. Ne2 Ba6 30. Bd5+ Kh7 31. Be6 Red8 32. Ke1 Rab8 33. Ne4 Rxd1+ 34. Kxd1 Bb7 35. N2g3 a5 36. Nd2 Bxg2 0-1

[Event "Moscow op-B"]
[Site "Moscow"]
[Date "2009.02.01"]
[Round "2"]
[White "Guseinov, Djelal"]
[Black "Davydenko, Andrey"]
[Result "0-1"]
[WhiteElo "1928"]
[BlackElo "2212"]
[PlyCount "76"]
[EventDate "2009.01.31"]
[EventType "swiss"]
[EventRounds "9"]
[EventCountry "RUS"]
[SourceTitle "EXT 2012"]
[Source "ChessBase"]
[SourceDate "2011.11.24"]
[SourceVersion "1"]
[SourceVersionDate "2011.11.24"]
[SourceQuality "1"]

1. d4 Nf6 2. c4 g6 3. Nc3 Bg7 4. e4 d6 5. Be2 0-0 6. Nf3 e5 7. 0-0 Nc6 8. d5 Ne7 9. Ne1 Nd7 10. Be3 f5 11. f3 f4 12. Bf2 h5 13. a4 a5 14. Nd3 b6 15. b4 g5 16. c5 axb4 17. cxd6 bxc3 18. dxe7 Qxe7 19. Qb3 Ba6 20. Qxc3 Rac8 21. Nc1 Bxe2 22. Nxe2 Rf6 23. Rfc1 Bf8 24. a5 bxa5 25. Rxa5 Qg7 26. Qd3 g4 27. fxg4 hxg4 28. Ra7 Bd6 29. Rc6 Rb8 30. Ra1 Qh7 31. Rc2 Rh6 32. h3 gxh3 33. g3 h2+ 34. Kh1 Nf6 35. Rf1 Nxe4 36. Qd1 Nxf2+ 37. Rxf2 Qe4+ 38. Rg2 f3 0-1

[Event "Moscow Rating"]
[Site "Moscow"]
[Date "2008.10.??"]
[Round "3"]
[White "Djafarov, Djafar"]
[Black "Guseinov, Djelal"]
[Result "0-1"]
[WhiteElo "1800"]
[BlackElo "1901"]
[PlyCount "50"]
[EventDate "2008.09.30"]
[EventType "tourn"]
[EventRounds "11"]
[EventCountry "RUS"]
[SourceTitle "EXT 2022"]
[Source "ChessBase"]
[SourceDate "2021.10.06"]
[SourceVersion "1"]
[SourceVersionDate "2021.10.06"]
[SourceQuality "1"]

1. d4 Nf6 2. c4 g6 3. g3 Bg7 4. Bg2 0-0 5. Nf3 d6 6. 0-0 Nbd7 7. Nc3 e5 8. dxe5 dxe5 9. e4 c6 10. Re1 Qe7 11. Be3 Rd8 12. Qc1 Ng4 13. Bd2 Nc5 14. Qc2 Nd3 15. Re2 f5 16. h3 Nf6 17. Ne1 Nb4 18. Qb3 Be6 19. Nf3 b5 20. Nxb5 Rxd2 21. Nxd2 cxb5 22. exf5 bxc4 23. Qc3 Nfd5 24. Qxc4 Re8 25. Qb3 Nf4 0-1

[Event "Moscow Rating"]
[Site "Moscow"]
[Date "2008.10.??"]
[Round "4"]
[White "Guseinov, Djelal"]
[Black "Mukhin, Anton"]
[Result "0-1"]
[WhiteElo "1901"]
[BlackElo "2135"]
[PlyCount "82"]
[EventDate "2008.09.30"]
[EventType "tourn"]
[EventRounds "11"]
[EventCountry "RUS"]
[SourceTitle "EXT 2022"]
[Source "ChessBase"]
[SourceDate "2021.10.06"]
[SourceVersion "1"]
[SourceVersionDate "2021.10.06"]
[SourceQuality "1"]

1. d4 f5 2. g3 Nf6 3. Bg2 g6 4. Nf3 Bg7 5. 0-0 d6 6. b3 0-0 7. Bb2 Qe8 8. c4 c6 9. Nbd2 Nbd7 10. Rc1 e5 11. dxe5 dxe5 12. Ba3 e4 13. Ng5 c5 14. Bb2 h6 15. Nh3 g5 16. Nb1 Ne5 17. f4 Neg4 18. Qd2 Be6 19. e3 Rd8 20. Qe2 Rd3 21. Rc3 Nxh2 22. Re1 g4 23. Kxh2 gxh3 24. Kxh3 Ng4 25. Bxe4 Qh5+ 26. Kg2 fxe4 27. Rh1 Nxe3+ 28. Qxe3 Qxh1+ 29. Kxh1 Rxe3 30. Rxe3 Bxb2 31. Rxe4 Bf5 32. Re2 Bd4 33. Nd2 Kf7 34. Nf3 Re8 35. Ne5+ Bxe5 36. fxe5 Kg6 37. Kg2 Bd3 38. Re3 Bb1 39. Re2 Kf5 40. Rf2+ Kxe5 41. Re2+ Be4+ 0-1

[Event "Moscow Rating"]
[Site "Moscow"]
[Date "2008.10.??"]
[Round "10"]
[White "Guseinov, Djelal"]
[Black "Saidova, Ekaterina"]
[Result "1-0"]
[WhiteElo "1901"]
[BlackElo "1769"]
[PlyCount "47"]
[EventDate "2008.09.30"]
[EventType "tourn"]
[EventRounds "11"]
[EventCountry "RUS"]
[SourceTitle "EXT 2022"]
[Source "ChessBase"]
[SourceDate "2021.10.06"]
[SourceVersion "1"]
[SourceVersionDate "2021.10.06"]
[SourceQuality "1"]

1. d4 d5 2. c4 c5 3. Nf3 Nf6 4. e3 e6 5. Nc3 Nc6 6. cxd5 exd5 7. Be2 g6 8. 0-0 cxd4 9. exd4 Bg7 10. Bg5 a6 11. Re1 0-0 12. Ne5 Re8 13. Bf3 Ne7 14. Qb3 Be6 15. Qxb7 Nd7 16. Nxd7 Qxd7 17. Qxd7 Bxd7 18. Bxe7 Bxd4 19. Nxd5 Rac8 20. Nf6+ Bxf6 21. Bxf6 Rxe1+ 22. Rxe1 Re8 23. Rxe8+ Bxe8 24. Kf1 1-0

[Event "Moscow Rating"]
[Site "Moscow"]
[Date "2007.11.??"]
[Round "5"]
[White "Guseinov, Djelal"]
[Black "Eliseev, Stanislav"]
[Result "0-1"]
[WhiteElo "1928"]
[BlackElo "2156"]
[PlyCount "70"]
[EventDate "2007.11.08"]
[EventType "tourn"]
[EventRounds "11"]
[EventCountry "RUS"]
[SourceTitle "EXT 2022"]
[Source "ChessBase"]
[SourceDate "2021.10.06"]
[SourceVersion "1"]
[SourceVersionDate "2021.10.06"]
[SourceQuality "1"]

1. d4 d5 2. c4 c6 3. Nf3 Nf6 4. Nc3 dxc4 5. e4 b5 6. e5 Nd5 7. a4 e6 8. axb5 Nxc3 9. bxc3 cxb5 10. Ng5 Bb7 11. Qh5 g6 12. Qg4 Be7 13. h4 h5 14. Qf4 Bxg5 15. hxg5 Bd5 16. Rh4 Nc6 17. g4 a5 18. Be2 Qe7 19. gxh5 gxh5 20. Rxh5 Kd7 21. Rh6 Rag8 22. Bh5 Ke8 23. Ke2 Rf8 24. Bd2 b4 25. Rg1 b3 26. Bxf7+ Qxf7 27. Qxf7+ Kxf7 28. g6+ Kg7 29. Rxh8 Rxh8 30. Bg5 Kg8 31. g7 Rh5 32. Bf6 Be4 33. Ke3 Bf5 34. Ra1 Rh3+ 35. Kf4 Bd3 0-1

[Event "Moscow Rating"]
[Site "Moscow"]
[Date "2007.11.??"]
[Round "6"]
[White "Lagashin, Pavel"]
[Black "Guseinov, Djelal"]
[Result "1-0"]
[WhiteElo "2027"]
[BlackElo "1928"]
[PlyCount "73"]
[EventDate "2007.11.08"]
[EventType "tourn"]
[EventRounds "11"]
[EventCountry "RUS"]
[SourceTitle "EXT 2022"]
[Source "ChessBase"]
[SourceDate "2021.10.06"]
[SourceVersion "1"]
[SourceVersionDate "2021.10.06"]
[SourceQuality "1"]

1. d4 Nf6 2. c4 g6 3. Nc3 Bg7 4. e4 0-0 5. f3 d6 6. Be3 e5 7. Nge2 c6 8. Qd2 Nbd7 9. 0-0-0 a6 10. g4 b5 11. c5 Qa5 12. cxd6 b4 13. Nb1 exd4 14. Nxd4 Qxa2 15. Qxb4 c5 16. Qb3 Qa1 17. Nc6 a5 18. Qa3 Qxa3 19. Nxa3 Bb7 20. Ne7+ Kh8 21. Nb5 Rab8 22. Nc3 Nxg4 23. fxg4 Bxc3 24. bxc3 Bxe4 25. Rg1 a4 26. Bd3 Bxd3 27. Rxd3 a3 28. Rd2 Rb3 29. Kc2 Rb2+ 30. Kd3 Ne5+ 31. Ke4 Nc4 32. Rxb2 axb2 33. Bxc5 Nd2+ 34. Kd3 b1Q+ 35. Rxb1 Nxb1 36. d7 Rd8 37. Bd4+ 1-0